[Event "4NCL 3 South pool D"]
[Site "Reading, ENG"]
[Date "2017.04.30"]
[Round "10.51"]
[White "Batchelor, Paul A"]
[Black "Mihalik, Agoston"]
[Result "0-1"]
[WhiteElo "1945"]
[BlackElo "2159"]
[PlyCount "114"]
[EventDate "2017.04.30"]
[WhiteTeam "Sussex Martlets 2"]
[BlackTeam "Brown Jack 1"]

1. d4 Nf6 2. Nf3 e6 3. c4 Bb4+ 4. Bd2 c5 5. dxc5 Bxc5 6. e3 O-O 7. Bd3 d5 8.
O-O b6 9. Bc1 Nc6 10. a3 a5 11. b3 Qe7 12. cxd5 exd5 13. Nd4 Bd7 14. Bb2 h6 15.
Nxc6 Bxc6 16. a4 Rad8 17. Bd4 Rc8 18. Nd2 Bxd4 19. exd4 Bd7 20. h3 Rc6 21. Nb1
Rc7 22. Qd2 Rfc8 23. f3 Qd6 24. Ra2 Qg3 25. Qf2 Nh5 26. Rc2 Qxf2+ 27. Rcxf2 Ng3
28. Rd1 Rc1 29. Rfd2 Nf5 30. Kf2 Nxd4 31. Ba6 Rxd1 32. Rxd1 Rc2+ 33. Rd2 Rxd2+
34. Nxd2 Bc6 35. Bd3 g5 36. Ke3 Ne6 37. Bc2 Kg7 38. Nf1 Kf6 39. Ng3 Ke5 40. Nf5
h5 41. g3 d4+ 42. Kf2 Bd5 43. Ne7 Bb7 44. Nf5 Bd5 45. Ne7 Nc5 46. f4+ gxf4 47.
gxf4+ Ke6 48. Nxd5 Kxd5 49. Ke2 h4 50. Kf3 d3 51. Bd1 Kd4 52. Kg4 Ke4 53. f5 d2
54. Bc2+ Ke5 55. Kxh4 Ne4 56. Kg4 Nf2+ 57. Kg5 Nxh3+ 0-1

[Event "4NCL 3 South pool D"]
[Site "Reading, ENG"]
[Date "2017.04.30"]
[Round "10.52"]
[White "Hackett, Dave G"]
[Black "Forster, Matthew"]
[Result "1/2-1/2"]
[WhiteElo "2145"]
[BlackElo "1982"]
[PlyCount "100"]
[EventDate "2017.04.30"]
[WhiteTeam "Brown Jack 1"]
[BlackTeam "Sussex Martlets 2"]

1. e4 c5 2. Nc3 Nc6 3. g3 g6 4. Bg2 Bg7 5. d3 d6 6. f4 e6 7. Nf3 Nge7 8. O-O
O-O 9. Be3 b6 10. g4 d5 11. Bf2 d4 12. Ne2 f5 13. h3 e5 14. exf5 gxf5 15. Nxe5
Bxe5 16. fxe5 fxg4 17. Bh4 Bb7 18. Nf4 Qc8 19. Qxg4+ Qxg4 20. hxg4 Rab8 21. Bf6
Rfe8 22. g5 Nb4 23. Rf2 Bxg2 24. Rxg2 Nbd5 25. Nxd5 Nxd5 26. g6 Nxf6 27. gxh7+
Kxh7 28. exf6 Rg8 29. Re1 Rxg2+ 30. Kxg2 Kg6 31. Re7 Kxf6 32. Rxa7 Ke6 33. Kf3
Kd6 34. a4 Rf8+ 35. Ke2 Rh8 36. Rf7 Rh2+ 37. Rf2 Rh6 38. Kd2 Kc6 39. c3 dxc3+
40. Kxc3 Rh4 41. Rf6+ Kb7 42. b3 Rd4 43. Re6 Ka6 44. Re4 Rd6 45. b4 cxb4+ 46.
Rxb4 Ka5 47. Rc4 Rf6 48. Kb3 Rf1 49. Rc8 Rb1+ 50. Kc2 Ra1 1/2-1/2

[Event "4NCL 3 South pool D"]
[Site "Reading, ENG"]
[Date "2017.04.30"]
[Round "10.53"]
[White "Rogacewicz, Mikolaj"]
[Black "Onley, David E"]
[Result "1-0"]
[WhiteElo "1937"]
[BlackElo "2155"]
[PlyCount "123"]
[EventDate "2017.04.30"]
[WhiteTeam "Sussex Martlets 2"]
[BlackTeam "Brown Jack 1"]

1. d4 Nf6 2. c4 g6 3. Nc3 Bg7 4. e4 d6 5. f3 O-O 6. Be3 e5 7. d5 Nh5 8. Qd2 f5
9. exf5 gxf5 10. Bd3 Nd7 11. Nge2 Nc5 12. Bc2 Qh4+ 13. Bf2 Qe7 14. O-O-O a6 15.
Be3 b5 16. Rdg1 Nf6 17. Bh6 bxc4 18. g4 fxg4 19. Bxg7 Qxg7 20. h3 Nd3+ 21. Bxd3
cxd3 22. Qxd3 Qg5+ 23. Kc2 Rb8 24. hxg4 Rb4 25. a3 Rb6 26. Ng3 Bd7 27. Nge4
Nxe4 28. Nxe4 Qg6 29. Rh5 Bb5 30. Qe3 Kh8 31. Rgh1 Rf4 32. Rxh7+ Qxh7 33. Rxh7+
Kxh7 34. b3 Kg6 35. Qf2 Rb8 36. a4 Bd7 37. Qh4 Rbf8 38. Qh5+ Kg7 39. Kd2 Rxf3
40. g5 Rh3 41. Qe2 Rf4 42. Qc4 c5 43. dxc6 Bf5 44. c7 Rh8 45. g6 Kxg6 46. Qxa6
Rxe4 47. Qxd6+ Kf7 48. Kc3 Rh3+ 49. Kb2 Re2+ 50. Ka3 Ree3 51. Qd5+ Kg7 52. Kb4
Rxb3+ 53. Ka5 Rhe3 54. Qd8 Rbc3 55. Qg5+ Kh8 56. Qf6+ Kg8 57. Qxf5 Rc5+ 58. Kb6
Rec3 59. Qg6+ Kh8 60. Qe8+ Kh7 61. Qe7+ Kg6 62. Qxc5 1-0

[Event "4NCL 3 South pool D"]
[Site "Reading, ENG"]
[Date "2017.04.30"]
[Round "10.54"]
[White "Onslow, Alfie"]
[Black "Graham, William M"]
[Result "1-0"]
[WhiteElo "2057"]
[BlackElo "1858"]
[PlyCount "97"]
[EventDate "2017.04.30"]
[WhiteTeam "Brown Jack 1"]
[BlackTeam "Sussex Martlets 2"]

1. e4 e6 2. d4 d5 3. Nd2 Nf6 4. e5 Nfd7 5. Bd3 c5 6. c3 Nc6 7. Ne2 cxd4 8. cxd4
f6 9. exf6 Nxf6 10. Nf3 Bd6 11. O-O O-O 12. Bf4 Bxf4 13. Nxf4 Qd6 14. g3 e5 15.
dxe5 Nxe5 16. Nxe5 Qxe5 17. Qb3 g5 18. Nxd5 Nxd5 19. Bc4 Rd8 20. Rad1 Be6 21.
Rfe1 Qf5 22. Rxe6 Qxe6 23. Bxd5 Rxd5 24. Rxd5 Qe1+ 25. Kg2 Qe4+ 26. Qf3 Qxf3+
27. Kxf3 Rf8+ 28. Ke3 h6 29. Rd7 Re8+ 30. Kf3 Rf8+ 31. Kg2 Rb8 32. f4 gxf4 33.
gxf4 a6 34. Kg3 a5 35. Kg4 b5 36. Kf5 Rb6 37. Re7 Rc6 38. Re5 Rc2 39. Rxb5 Rxh2
40. Kg6 Kf8 41. Rxa5 Rxb2 42. Kxh6 Rg2 43. Ra7 Rg4 44. f5 Rg2 45. a4 Rg3 46. a5
Rg1 47. a6 Rg3 48. Rb7 Ra3 49. a7 1-0

[Event "4NCL 3 South pool D"]
[Site "Reading, ENG"]
[Date "2017.04.30"]
[Round "10.55"]
[White "Blake, J Morgan"]
[Black "Richmond, Peter"]
[Result "1/2-1/2"]
[WhiteElo "1807"]
[BlackElo "2082"]
[PlyCount "33"]
[EventDate "2017.04.30"]
[WhiteTeam "Sussex Martlets 2"]
[BlackTeam "Brown Jack 1"]

1. e4 c6 2. d4 d5 3. Nc3 dxe4 4. Nxe4 Nf6 5. Nxf6+ gxf6 6. Be3 Bf5 7. Bd3 Bxd3
8. Qxd3 e6 9. h4 Qd5 10. Ne2 Bd6 11. c4 Qxg2 12. O-O-O Nd7 13. h5 O-O-O 14. f4
f5 15. Nc3 Rhg8 16. Rdg1 Qf3 17. Rf1 1/2-1/2

[Event "4NCL 3 South pool D"]
[Site "Reading, ENG"]
[Date "2017.04.30"]
[Round "10.56"]
[White "Rabbitt, Michael"]
[Black "Salmons, Calum"]
[Result "1-0"]
[WhiteElo "2032"]
[BlackElo "1790"]
[PlyCount "77"]
[EventDate "2017.04.30"]
[WhiteTeam "Brown Jack 1"]
[BlackTeam "Sussex Martlets 2"]

1. d4 Nf6 2. c4 c5 3. d5 b5 4. cxb5 a6 5. bxa6 Bxa6 6. Nc3 d6 7. Nf3 g6 8. e4
Bxf1 9. Kxf1 Nbd7 10. g3 Bg7 11. Kg2 O-O 12. h3 Nb6 13. Re1 Nfd7 14. Re2 Nc4
15. Qc2 Qa5 16. a4 Rfb8 17. Nd1 Rb4 18. Ra2 Rab8 19. b3 Nce5 20. Nxe5 Nxe5 21.
Bd2 Qa6 22. Bxb4 Rxb4 23. Ne3 Qb7 24. Ra3 Qa6 25. f4 Nd7 26. Nc4 f6 27. Qd1 Qa7
28. a5 Qa6 29. Rea2 f5 30. exf5 gxf5 31. Qe2 Qa8 32. Qe6+ Kh8 33. Qxd7 Qxd5+
34. Kh2 h6 35. Qxe7 Qf3 36. Qe2 Qc6 37. a6 Rb8 38. a7 Ra8 39. Ra6 1-0

[Event "4NCL 3 South pool D"]
[Site "Reading, ENG"]
[Date "2017.04.30"]
[Round "10.61"]
[White "Robertson, J Stuart"]
[Black "Strugnell, Carl"]
[Result "0-1"]
[WhiteElo "2127"]
[BlackElo "2224"]
[PlyCount "80"]
[EventDate "2017.04.30"]
[WhiteTeam "Cambridge University 2"]
[BlackTeam "Rhyfelwyr Essyllwg"]

1. d4 Nf6 2. c4 e6 3. Nc3 Bb4 4. f3 d5 5. a3 Bxc3+ 6. bxc3 c5 7. cxd5 exd5 8.
e3 Qc7 9. Ne2 O-O 10. g4 h6 11. h4 Re8 12. Kf2 Nbd7 13. Nf4 Nf8 14. g5 hxg5 15.
hxg5 N6h7 16. Nxd5 Qd8 17. e4 cxd4 18. cxd4 Be6 19. Nf4 Nxg5 20. Be3 Rc8 21.
Bb5 Bd7 22. Bd3 Qa5 23. Rh5 Qd8 24. Qh1 f6 25. e5 f5 26. Rg1 Ngh7 27. e6 Bxe6
28. Nxe6 Rxe6 29. Bxf5 Rxe3 30. Rxh7 Rxf3+ 31. Qxf3 Qxd4+ 32. Kg2 Rc3 33. Rd1
Rxf3 34. Rxd4 Rxf5 35. Rh3 Ne6 36. Rc4 Nf4+ 37. Kh2 Nxh3 38. Kxh3 Rf3+ 39. Kg4
Rxa3 40. Rc8+ Kh7 0-1

[Event "4NCL 3 South pool D"]
[Site "Reading, ENG"]
[Date "2017.04.30"]
[Round "10.62"]
[White "Heaven, Peter"]
[Black "Spencer, Carl J"]
[Result "0-1"]
[WhiteElo "2022"]
[BlackElo "2136"]
[Annotator "Alan"]
[PlyCount "67"]
[EventDate "2017.04.30"]
[WhiteTeam "Rhyfelwyr Essyllwg"]
[BlackTeam "Cambridge University 2"]

1. e4 e6 2. d4 d5 3. Nc3 Nf6 4. Bg5 Bb4 5. e5 h6 6. Be3 Ne4 7. Qg4 Kf8 8. a3
Bxc3+ 9. bxc3 c5 10. Bd3 Nxc3 11. dxc5 Nc6 12. Nf3 f5 13. Qh5 Kg8 14. g4 f4 15.
Bxf4 Qf8 16. Nh4 Qxf4 17. Qe8+ Qf8 18. Qxf8+ Kxf8 19. Ng6+ Kg8 20. Nxh8 Kxh8
21. f4 Bd7 22. O-O Na4 23. Rae1 Re8 24. Re3 Nxc5 25. Bg6 Re7 26. c3 Be8 27. Bc2
g6 28. Kg2 d4 29. Rh3 Kg7 30. f5 Nd7 31. f6+ Kh7 32. cxd4 Nxd4 33. Rd1 Nxc2 34.
Rxd7 {...scoresheet} 0-1

[Event "4NCL 3 South pool D"]
[Site "Reading, ENG"]
[Date "2017.04.30"]
[Round "10.63"]
[White "Stanisz, Patryk"]
[Black "Brown, Thomas"]
[Result "0-1"]
[WhiteElo "2099"]
[BlackElo "2060"]
[PlyCount "86"]
[EventDate "2017.04.30"]
[WhiteTeam "Cambridge University 2"]
[BlackTeam "Rhyfelwyr Essyllwg"]

1. d4 Nf6 2. c4 g6 3. Nc3 Bg7 4. e4 d6 5. Bd3 O-O 6. Nge2 Nc6 7. O-O Nh5 8. Be3
e5 9. d5 Nd4 10. Nb5 Nxe2+ 11. Bxe2 a6 12. Nc3 Nf4 13. Bf3 b6 14. b4 a5 15. a3
f5 16. Qb3 Qh4 17. Kh1 axb4 18. axb4 Rxa1 19. Rxa1 Nh5 20. g3 Qf6 21. Bg2 f4
22. Bc1 Bg4 23. Nb5 fxg3 24. fxg3 Qf2 25. Be3 Nxg3+ 26. hxg3 Qxg3 27. Qc3 Bf3
28. Ra2 Bxe4 29. Qc1 Rf5 30. Nc3 Rh5+ 31. Kg1 Qh2+ 32. Kf1 Rf5+ 33. Rf2 Rxf2+
34. Kxf2 Qxg2+ 35. Ke1 Bf6 36. Nxe4 Qxe4 37. Kd2 Qg2+ 38. Kc3 Qa2 39. Bg5 Bg7
40. Kd3 Qb3+ 41. Ke2 e4 42. Be3 Qd3+ 43. Kf2 Bd4 0-1

[Event "4NCL 3 South pool D"]
[Site "Reading, ENG"]
[Date "2017.04.30"]
[Round "10.64"]
[White "Trevelyan, John"]
[Black "Starley, Robert"]
[Result "0-1"]
[WhiteElo "2056"]
[BlackElo "2075"]
[PlyCount "86"]
[EventDate "2017.04.30"]
[WhiteTeam "Rhyfelwyr Essyllwg"]
[BlackTeam "Cambridge University 2"]

1. d4 Nf6 2. c4 e6 3. Nf3 Bb4+ 4. Bd2 Qe7 5. Nc3 b6 6. e3 Bb7 7. Bd3 O-O 8. O-O
d6 9. a3 Bxc3 10. Bxc3 Nbd7 11. Nd2 e5 12. d5 e4 13. Bc2 a5 14. Qe2 Ba6 15.
Rad1 Nxd5 16. Nxe4 Nxc3 17. Nxc3 Ne5 18. b3 c6 19. e4 Qf6 20. Qe3 Nd7 21. Qg3
Ne5 22. Qe3 Nd7 23. f4 Rad8 24. e5 dxe5 25. fxe5 Qxe5 26. Qh3 h6 27. Rfe1 Qc5+
28. Kh1 Nf6 29. Qf3 b5 30. Ne4 Nxe4 31. Qxe4 g6 32. cxb5 cxb5 33. b4 axb4 34.
axb4 Qc7 35. Bb3 Kg7 36. Rc1 Qd7 37. Qe5+ Kg8 38. h4 Bb7 39. Rc7 Qh3+ 40. Qh2
Bxg2+ 41. Kg1 Qxb3 42. Qxg2 Qxb4 43. Qe4 Rd4 0-1

[Event "4NCL 3 South pool D"]
[Site "Reading, ENG"]
[Date "2017.04.30"]
[Round "10.65"]
[White "Blackie, Neville J"]
[Black "Doklestic, Igor"]
[Result "1-0"]
[WhiteElo "2103"]
[BlackElo "1931"]
[PlyCount "75"]
[EventDate "2017.04.30"]
[WhiteTeam "Cambridge University 2"]
[BlackTeam "Rhyfelwyr Essyllwg"]

1. e4 c5 2. Nf3 Nc6 3. Bb5 e6 4. c3 Nge7 5. O-O a6 6. Ba4 d5 7. exd5 Nxd5 8. d4
b5 9. Bb3 c4 10. Bc2 Bb7 11. Qe2 Qc7 12. b3 Na5 13. Ne5 Bd6 14. Bd2 cxb3 15.
axb3 Nc6 16. Nf3 Bf4 17. c4 bxc4 18. bxc4 Nf6 19. d5 Nd8 20. Ba5 Qe7 21. Ba4+
Kf8 22. Re1 Bc7 23. Bc3 Kg8 24. Nbd2 h5 25. Ne4 Rh6 26. Nxf6+ gxf6 27. Bc2 e5
28. Nh4 Bc8 29. Qe3 Rh8 30. c5 Bb8 31. Bf5 Bb7 32. c6 Nxc6 33. dxc6 Bxc6 34.
Be4 Bxe4 35. Qxe4 Ra7 36. Nf5 Qe6 37. Bb4 h4 38. Qg4+ 1-0

[Event "4NCL 3 South pool D"]
[Site "Reading, ENG"]
[Date "2017.04.30"]
[Round "10.66"]
[White "Wagner, Guy"]
[Black "Chan, Nevil"]
[Result "0-1"]
[WhiteElo "1809"]
[BlackElo "2013"]
[PlyCount "54"]
[EventDate "2017.04.30"]
[WhiteTeam "Rhyfelwyr Essyllwg"]
[BlackTeam "Cambridge University 2"]

1. d4 Nc6 2. Nf3 d5 3. c4 Bg4 4. e3 e6 5. Nc3 Nf6 6. cxd5 exd5 7. Be2 Bd6 8.
Bd2 Ne7 9. Nb5 O-O 10. Nxd6 Qxd6 11. a3 Rfe8 12. Bb4 Qd8 13. Bxe7 Rxe7 14. Rc1
Ne4 15. Ne5 Bxe2 16. Qxe2 c6 17. O-O f6 18. Nd3 Nd6 19. Rc2 Qd7 20. Rfc1 Rc8
21. Nc5 Qf5 22. Qf3 Qxf3 23. gxf3 Nf5 24. Kg2 g5 25. Nd3 Kf7 26. Kf1 Rg8 27.
Ke2 Nxd4+ 0-1

[Event "4NCL 3 South pool D"]
[Site "Reading, ENG"]
[Date "2017.04.30"]
[Round "10.71"]
[White "Peters, Alexander John"]
[Black "Josse, Mark"]
[Result "1-0"]
[WhiteElo "1982"]
[BlackElo "2165"]
[PlyCount "157"]
[EventDate "2017.04.30"]
[WhiteTeam "Iceni 1"]
[BlackTeam "Surbiton"]

1. e4 c5 2. Nf3 e6 3. d4 cxd4 4. Nxd4 a6 5. g3 d5 6. Bg2 dxe4 7. O-O Nf6 8. Nc3
e5 9. Nb3 Qc7 10. Nxe4 Nxe4 11. Bxe4 Be7 12. Bd2 Nc6 13. Re1 O-O 14. Qe2 Be6
15. Bc3 Rac8 16. Rac1 Rfe8 17. Qf3 Qb6 18. Bxc6 Rxc6 19. Bxe5 Bg5 20. Bf4 Bf6
21. Be3 Qb4 22. c3 Qa4 23. Bd4 Be7 24. Be5 Bxb3 25. axb3 Qxb3 26. Qg4 Rg6 27.
Qd7 Qb5 28. Qxb5 axb5 29. Bd4 Kf8 30. Re5 b4 31. Rce1 bxc3 32. Bxc3 Rb6 33. Bd4
Rc6 34. Rb5 Rc7 35. Rd1 Bf6 36. Bxf6 gxf6 37. Rd4 Re5 38. Rdb4 Rxb5 39. Rxb5
Kg7 40. Kg2 Kg6 41. g4 h6 42. Kg3 Re7 43. h3 Rd7 44. f3 Rc7 45. h4 Rd7 46. Kf4
Re7 47. Rb6 Kg7 48. h5 Rc7 49. b3 Rd7 50. Rb4 Kf8 51. Kf5 Kg7 52. Ke4 Kf8 53.
Rd4 Re7+ 54. Kd3 Kg7 55. Rd5 Rc7 56. b4 Kf8 57. Kd4 Ke7 58. Rf5 Rc6 59. Rc5
Rd6+ 60. Kc4 Re6 61. Kb5 Kd7 62. Rd5+ Kc7 63. Kc4 Re3 64. Rf5 Re6 65. Kd4 Kc6
66. f4 Kd6 67. Rd5+ Kc7 68. b5 Kc8 69. Rf5 Kc7 70. g5 fxg5 71. Rxf7+ Kb6 72. f5
Re1 73. f6 Rf1 74. Ke5 Kxb5 75. Rxb7+ Kc6 76. Rg7 Rf2 77. Ke6 Re2+ 78. Kf7 Kd7
79. Kg8+ 1-0

[Event "4NCL 3 South pool D"]
[Site "Reading, ENG"]
[Date "2017.04.30"]
[Round "10.72"]
[White "Shepherd, Paul D"]
[Black "Feavyour, John A"]
[Result "1/2-1/2"]
[WhiteElo "2065"]
[BlackElo "1985"]
[PlyCount "92"]
[EventDate "2017.04.30"]
[WhiteTeam "Surbiton"]
[BlackTeam "Iceni 1"]

1. e4 c5 2. Nc3 Nc6 3. g3 g6 4. Bg2 Bg7 5. d3 d6 6. Nh3 Nf6 7. O-O Rb8 8. f4
Nd4 9. Nf2 O-O 10. g4 e6 11. Ne2 b5 12. c3 Nxe2+ 13. Qxe2 Qc7 14. Be3 Bb7 15.
Rac1 Qe7 16. Qd2 d5 17. e5 Nd7 18. d4 cxd4 19. cxd4 Nb6 20. b3 Rfc8 21. Nd3 Nd7
22. g5 Bf8 23. Rxc8 Rxc8 24. Rc1 Qa3 25. Rxc8 Bxc8 26. Qc2 Nb6 27. Bc1 Qa5 28.
Bd2 b4 29. a4 Ba6 30. Nc5 Nc8 31. Nd7 Be7 32. Nf6+ Kg7 33. Be3 Qd8 34. Qc6 Bd3
35. Bf1 Bxf1 36. Kxf1 a5 37. h4 Bxf6 38. gxf6+ Kf8 39. Qb7 Nb6 40. Ke2 h5 41.
Qc6 Qc8 42. Qxb6 Qc2+ 43. Kf3 Qe4+ 44. Kf2 Qc2+ 45. Kf3 Qe4+ 46. Kf2 Qc2+
1/2-1/2

[Event "4NCL 3 South pool D"]
[Site "Reading, ENG"]
[Date "2017.04.30"]
[Round "10.73"]
[White "Savage, Nicholas W"]
[Black "Crombleholme, Alan K"]
[Result "1-0"]
[WhiteElo "2021"]
[BlackElo "2019"]
[PlyCount "67"]
[EventDate "2017.04.30"]
[WhiteTeam "Iceni 1"]
[BlackTeam "Surbiton"]

1. d4 Nf6 2. c4 e6 3. Nf3 b6 4. a3 Ba6 5. Qc2 c5 6. d5 exd5 7. cxd5 d6 8. Nc3
Be7 9. g3 O-O 10. Bg2 Nbd7 11. O-O Re8 12. Re1 Bf8 13. h3 b5 14. b4 Rc8 15. e4
Qc7 16. Bd2 Ne5 17. Nxe5 dxe5 18. Qb2 Nd7 19. Bf1 c4 20. a4 Rb8 21. Be3 bxa4
22. Rxa4 Bc8 23. Rxa7 Qd6 24. b5 Nb6 25. Kh2 g6 26. Na4 Qb4 27. Qxb4 Bxb4 28.
Rb1 Nxa4 29. Rxa4 Bd6 30. Rxc4 Bd7 31. b6 Rb7 32. Rcc1 f5 33. Ba6 Rbb8 34. b7
1-0

[Event "4NCL 3 South pool D"]
[Site "Reading, ENG"]
[Date "2017.04.30"]
[Round "10.74"]
[White "James, Angus S"]
[Black "Downham, Alan F"]
[Result "1/2-1/2"]
[WhiteElo "1922"]
[BlackElo "1988"]
[PlyCount "56"]
[EventDate "2017.04.30"]
[WhiteTeam "Surbiton"]
[BlackTeam "Iceni 1"]

1. e4 d5 2. exd5 Qxd5 3. Nf3 c6 4. d4 Bg4 5. Be2 Nf6 6. O-O e6 7. c4 Qd6 8. Nc3
Nbd7 9. Be3 Be7 10. a3 O-O 11. h3 Bxf3 12. Bxf3 Rfd8 13. Qe2 Nf8 14. Rfd1 Ng6
15. g3 Qc7 16. Rac1 Bd6 17. Kg2 Re8 18. Qc2 Rac8 19. Qb1 Qb8 20. Re1 Rc7 21.
Re2 h6 22. Rce1 Rd7 23. b4 a6 24. d5 cxd5 25. cxd5 Ne5 26. dxe6 Nxf3 27. exd7
Nxe1+ 28. Rxe1 Nxd7 1/2-1/2

[Event "4NCL 3 South pool D"]
[Site "Reading, ENG"]
[Date "2017.04.30"]
[Round "10.75"]
[White "Calvert, D Ian"]
[Black "Ratnesan, Ranesh"]
[Result "1/2-1/2"]
[WhiteElo "1908"]
[BlackElo "1813"]
[PlyCount "58"]
[EventDate "2017.04.30"]
[WhiteTeam "Iceni 1"]
[BlackTeam "Surbiton"]

1. b3 Nf6 2. Bb2 g6 3. Bxf6 exf6 4. c4 Bg7 5. Nc3 f5 6. g3 c5 7. Bg2 Qa5 8. Rc1
O-O 9. e3 Nc6 10. Nge2 Nb4 11. O-O Nd3 12. Rc2 Nb4 13. Rc1 Nd3 14. Rc2 Rb8 15.
Nf4 Nxf4 16. gxf4 d6 17. Nd5 Re8 18. d3 Be6 19. Qd2 Qxd2 20. Rxd2 Bxd5 21. Bxd5
Re7 22. Rb1 b5 23. cxb5 Rxb5 24. Rc2 h6 25. Kg2 a5 26. Kf3 Bf6 27. Rd1 Rb4 28.
Rc4 Re8 29. h3 Kf8 1/2-1/2

[Event "4NCL 3 South pool D"]
[Site "Reading, ENG"]
[Date "2017.04.30"]
[Round "10.76"]
[White "Alcock, Graham P"]
[Black "Szymanski, Mark"]
[Result "0-1"]
[WhiteElo "1764"]
[BlackElo "1902"]
[PlyCount "120"]
[EventDate "2017.04.30"]
[WhiteTeam "Surbiton"]
[BlackTeam "Iceni 1"]

1. e4 c6 2. d4 d5 3. Bd3 dxe4 4. Bxe4 Nf6 5. Bf3 Bf5 6. Ne2 e6 7. O-O Bd6 8.
Bf4 Bxf4 9. Nxf4 Qd6 10. g3 Nbd7 11. c3 O-O 12. Nd2 b5 13. Re1 Nb6 14. Ne4 Nxe4
15. Bxe4 Bxe4 16. Rxe4 Nd5 17. Qd2 Nf6 18. Re2 a5 19. Rd1 a4 20. a3 Rfd8 21.
Qd3 Rab8 22. Ree1 h6 23. Qf3 Rb7 24. Nd3 Rc7 25. Ne5 Qd5 26. Qxd5 Nxd5 27. Rd2
Nb6 28. Rc2 c5 29. dxc5 Rxc5 30. Nf3 Rcd5 31. Re5 Nc4 32. Rxd5 Rxd5 33. Nd4 e5
34. Nc6 Rd1+ 35. Kg2 f6 36. Na7 Rd5 37. Nc6 Kf7 38. Kf3 Ke6 39. Ke2 f5 40. Nb4
Rd6 41. Nd3 e4 42. Nf4+ Kf7 43. Ng2 Kf6 44. Ne3 g5 45. Nxc4 bxc4 46. Rc1 Ke5
47. Rc2 f4 48. Rc1 f3+ 49. Ke1 e3 50. fxe3 Ke4 51. Rc2 Kxe3 52. h4 g4 53. h5
Rd5 54. Rh2 Rf5 55. Rh4 f2+ 56. Kf1 Kf3 57. Rh2 Kxg3 58. Rg2+ Kh3 59. Rxf2
Rxf2+ 60. Kxf2 Kh2 0-1

[Event "4NCL 3 South pool D"]
[Site "Reading, ENG"]
[Date "2017.04.30"]
[Round "10.81"]
[White "Lyell, Mark"]
[Black "Byron, Alan M"]
[Result "1-0"]
[WhiteElo "2249"]
[BlackElo "2060"]
[PlyCount "154"]
[EventDate "2017.04.30"]
[WhiteTeam "Hackney "]
[BlackTeam "The Rookies"]

1. e4 c6 2. d4 d5 3. exd5 cxd5 4. Bd3 Nc6 5. c3 Qc7 6. h3 g6 7. Nf3 Bg7 8. O-O
Nf6 9. Re1 O-O 10. Bg5 Re8 11. Nbd2 Be6 12. Nb3 Qc8 13. Ne5 Nd7 14. Nxc6 Qxc6
15. a4 a6 16. Qd2 Qb6 17. a5 Qc6 18. Bh6 b5 19. h4 f6 20. h5 Bf7 21. Bxg7 Kxg7
22. h6+ Kh8 23. f4 e6 24. Qf2 Rg8 25. Nc5 Nxc5 26. dxc5 Qc7 27. Re2 Raf8 28. b4
Qd8 29. Rf1 Qe7 30. Qd4 Re8 31. Rfe1 g5 32. fxg5 Rxg5 33. Rf1 e5 34. Qf2 Bh5
35. Rd2 Rf8 36. Bc2 Bg6 37. Bxg6 Rxg6 38. Rxd5 Rxh6 39. Rd6 e4 40. Qf4 Rg6 41.
Rf2 Rfg8 42. Kf1 e3 43. Re2 Qg7 44. Rxe3 Rg4 45. Qf5 Rg5 46. Qf2 Rf8 47. Ree6
Qg6 48. Re3 Rh5 49. Kg1 Qh6 50. Kf1 Qg6 51. Rdd3 Rh1+ 52. Ke2 Qh5+ 53. Qf3 Qh4
54. Kd2 Ra1 55. Kc2 Qc4 56. Qd5 Qf4 57. Qd6 Qf2+ 58. Rd2 Qf5+ 59. Qd3 Qh5 60.
Rh3 Qf7 61. Qd5 Qg6+ 62. Rhd3 Qh6 63. Kb2 Rg1 64. Rh3 Qg6 65. Qd3 Qf7 66. Qd4
Re1 67. Re3 Rh1 68. Qe4 Qg7 69. c6 Rg8 70. Rh3 Rg1 71. Rf3 Rxg2 72. Rfd3 Rxd2+
73. Rxd2 Qh6 74. Qd4 Rf8 75. c7 Qh3 76. Qd8 Kg7 77. Rd7+ Kg6 1-0

[Event "4NCL 3 South pool D"]
[Site "Reading, ENG"]
[Date "2017.04.30"]
[Round "10.82"]
[White "Jones, Christopher M"]
[Black "Britton, Richard L"]
[Result "1-0"]
[WhiteElo "2114"]
[BlackElo "2168"]
[PlyCount "97"]
[EventDate "2017.04.30"]
[WhiteTeam "The Rookies"]
[BlackTeam "Hackney "]

1. e4 c5 2. Nc3 Nc6 3. g3 g6 4. Bg2 Bg7 5. d3 d6 6. Nge2 e5 7. O-O Nge7 8. Be3
O-O 9. Qd2 Nd4 10. f4 Qb6 11. Rab1 Be6 12. h3 f5 13. Nd5 Bxd5 14. exd5 Nxe2+
15. Qxe2 exf4 16. Bxf4 Rae8 17. Qe6+ Kh8 18. Qxd6 Qa5 19. Be5 Nc8 20. Bxg7+
Kxg7 21. Qf4 Rf6 22. Qf2 Rf7 23. Rbe1 Ree7 24. Rxe7 Rxe7 25. g4 Rf7 26. Qe3 Qc7
27. gxf5 gxf5 28. Qg5+ Kh8 29. Rxf5 Nd6 30. Rxf7 Nxf7 31. Qf5 Kg7 32. Kf1 b6
33. Be4 h6 34. Kg2 Qd6 35. Qe6 Qd8 36. Qg6+ Kf8 37. c4 Qe7 38. Qf5 Kg7 39. a3
Kf8 40. d6 Qxd6 41. Bd5 Qe7 42. Kf3 Kg7 43. Bxf7 Qxf7 44. Qxf7+ Kxf7 45. Ke4
Ke6 46. d4 cxd4 47. Kxd4 Kd6 48. b4 Kc6 49. Ke5 1-0

[Event "4NCL 3 South pool D"]
[Site "Reading, ENG"]
[Date "2017.04.30"]
[Round "10.83"]
[White "Chin, F."]
[Black "Piper, Stephen J"]
[Result "1-0"]
[WhiteElo "2115"]
[BlackElo "2071"]
[PlyCount "111"]
[EventDate "2017.04.30"]
[WhiteTeam "Hackney "]
[BlackTeam "The Rookies"]

1. d4 Nf6 2. Nf3 b6 3. g3 Bb7 4. Bg2 e6 5. c4 c5 6. d5 exd5 7. Nh4 g6 8. Nc3
Bg7 9. cxd5 O-O 10. Bf4 d6 11. Qd2 Na6 12. O-O Nc7 13. a4 a6 14. e4 Ng4 15. Nf3
Re8 16. h3 Ne5 17. Nxe5 dxe5 18. Be3 Qd6 19. f3 Rad8 20. Qf2 a5 21. Kh2 Rf8 22.
Qd2 Ba6 23. Rf2 f5 24. Bg5 Rd7 25. Bf1 Bxf1 26. Raxf1 Rdf7 27. Nd1 f4 28. gxf4
exf4 29. Rg2 Bd4 30. Nf2 Bxf2 31. Rfxf2 Ne8 32. Rf1 Ng7 33. Bh6 Re8 34. Re1 Nh5
35. Rg5 Ng3 36. Qd3 Rfe7 37. Qc3 Ne2 38. Qd3 Nd4 39. Rg4 Rf7 40. Rf1 Qe5 41.
Rg5 Qd6 42. Qd2 Nb3 43. Qg2 Nd4 44. Qg4 Nc2 45. Rg1 Ne3 46. Qh4 c4 47. Kh1 Rf6
48. Qf2 Qd7 49. Kh2 Qd6 50. Qd2 Re5 51. Qd4 Rxg5 52. Rxg5 Rf7 53. Re5 Qd8 54.
Re6 Rc7 55. Qe5 Kf7 56. Qg7# 1-0

[Event "4NCL 3 South pool D"]
[Site "Reading, ENG"]
[Date "2017.04.30"]
[Round "10.84"]
[White "Compton, Alistair"]
[Black "Tasker, Michael W"]
[Result "1-0"]
[WhiteElo "2067"]
[BlackElo "2066"]
[PlyCount "57"]
[EventDate "2017.04.30"]
[WhiteTeam "The Rookies"]
[BlackTeam "Hackney "]

1. e4 c5 2. c3 Nf6 3. e5 Nd5 4. d4 cxd4 5. Qxd4 e6 6. Bc4 Nc6 7. Qe4 f5 8. Qe2
Nb6 9. Bb3 Be7 10. Nf3 O-O 11. O-O Kh8 12. a4 Na5 13. Bc2 d5 14. exd6 Qxd6 15.
b4 Nc6 16. a5 Nd5 17. b5 Nd8 18. Rd1 Qc7 19. b6 Qc6 20. c4 Nf6 21. Nd4 Qe8 22.
Nb5 Bd7 23. Nc7 Qg6 24. Nxa8 Bc6 25. f3 Nh5 26. Be3 Bf6 27. Ra2 Be5 28. Ba4 f4
29. Bc5 1-0

[Event "4NCL 3 South pool D"]
[Site "Reading, ENG"]
[Date "2017.04.30"]
[Round "10.85"]
[White "Clancy, Martin J"]
[Black "Gibson, Christopher A"]
[Result "1/2-1/2"]
[WhiteElo "1886"]
[BlackElo "1948"]
[PlyCount "47"]
[EventDate "2017.04.30"]
[WhiteTeam "Hackney "]
[BlackTeam "The Rookies"]

1. e4 e5 2. Nf3 Nc6 3. Bb5 f5 4. d3 fxe4 5. dxe4 Nf6 6. O-O Bc5 7. Bg5 d6 8.
Nc3 O-O 9. Na4 Bb6 10. Nxb6 axb6 11. h3 Kh8 12. Qe2 Qe8 13. c3 Qg6 14. Bxf6
Rxf6 15. Kh2 Qh6 16. Qd2 Qg6 17. Bxc6 bxc6 18. Nxe5 Qh5 19. f4 Bxh3 20. gxh3
dxe5 21. f5 Rd6 22. Qg2 Rad8 23. Rf2 Qh6 24. Raf1 1/2-1/2

[Event "4NCL 3 South pool D"]
[Site "Reading, ENG"]
[Date "2017.04.30"]
[Round "10.86"]
[White "Ressel, Eva"]
[Black "Conway, Paul Bernard"]
[Result "0-1"]
[WhiteElo "1742"]
[BlackElo "1888"]
[PlyCount "72"]
[EventDate "2017.04.30"]
[WhiteTeam "The Rookies"]
[BlackTeam "Hackney "]

1. e4 e6 2. d4 d5 3. Nc3 Bb4 4. e5 Qd7 5. a3 Bxc3+ 6. bxc3 b6 7. Bd3 Ba6 8. Qg4
f5 9. Qh5+ g6 10. Qh4 Bxd3 11. cxd3 Nc6 12. Ne2 Nce7 13. O-O O-O-O 14. Bg5 Rf8
15. Nf4 h6 16. Nh3 Nc6 17. Be3 Qg7 18. Nf4 Nd8 19. Qg3 g5 20. Nh5 Qg6 21. Qf3
Ne7 22. Nf6 f4 23. Bd2 Nf5 24. Qh5 Rxf6 25. Qxg6 Rxg6 26. a4 a5 27. Bc1 f3 28.
Ba3 g4 29. Rfc1 h5 30. Bb2 Nc6 31. Ra3 h4 32. c4 Ncxd4 33. Kf1 fxg2+ 34. Kxg2
g3 35. fxg3 hxg3 36. hxg3 Rxg3+ 0-1